Statistics for TOP 10 Countries in: Salary

Click here to take the quiz!

General Stats

  • This quiz has been taken 387 times
  • The average score is 8 of 10

Answer Stats

Annual Avg. Income (USD)Tax RateRankAnswer% Correct
$56,73023.76%1United States
98%
$44,73022.60%7Canada
91%
$46,48026.58%6United Kingdom
86%
$45,29031.37%8Norway
83%
$45,64022.93%5Australia
80%
$51,73031.57%4Switzerland
80%
$52,84019.14%2Ireland
68%
$52,98027.84%3Luxembourg
66%
$48,15037.48%10Netherlands
60%
$37,81011.75%9South Korea
56%

Score Distribution

Percentile by Number Answered

Percent of People with Each Score

Your Score History

You have not taken this quiz